000 00771cam a22002777a 4500
003 CHAP
005 20220817043126.0
008 971013s1985 r 00010 d
010 _a66328
011 _a67300
035 _a76770
040 _cCHAP
082 _a301.35016
_bF3
110 _aFAO
245 0 _aDesarrollo rural, 1980-1984
260 _aRoma :
_bFAO,
_c1985
300 _a46 p.
590 _aBATCH-UPD
_b10
_c20130110
_lUCH01
_h1000
590 _aBATCH-UPD
_b10
_c20130410
_lUCH01
_h0611
590 _aBATCH-UPD
_b10
_c20130914
_lUCH01
_h1157
590 _aCONVERSION
_b10
_c20130109
_lUCH01
_h1337
650 1 4 _aDesarrollo rural
_xBibliografía.
_932069
901 _aBK
942 _cLIBRO
949 _a301.35016 F3
_bBC
_cFAO
_d-29627
_eFAO1
_h73656
_i76770
_si
999 _c66328
_d66328